000
00358nam a2200157Ia 4500
008
230524s9999 xx 000 0 und d
082
_b
HAM
100
_a
V.Carl Hamacher
245
0
_a
Computer Organisation
250
_a
4TH
260
_a
SINGAPORE
_b
TMH
_c
2000
300
_a
XIX;555
500
_a
Quantity Number: 232
650
_a
Comp-Sc
942
_c
BK
999
_c
6152
_d
6152